Batman Multiple Choice Quiz - Statistics

General Stats
  • This quiz has been taken 156 times
  • The average score is 18 of 20
Answer Stats
Question Answer % Correct
What city does Batman protect? Gotham City
100%
What tragedy motivated Bruce Wayne to become Batman? His parents were killed in an alley
100%
Which villain is known as “The Clown Prince of Crime”? Joker
100%
What is Batman’s real name? Bruce Wayne
99%
What is Alfred Pennyworth’s role? Butler
99%
What’s the name of Batman’s cave headquarters? The Batcave
99%
Which of these is NOT one of Batman’s sidekicks? Superboy
98%
What is the name of Bruce Wayne’s father? Thomas
97%
Which villain broke Batman’s back in Knightfall? Bane
95%
Which actor played Batman in The Dark Knight Trilogy? Christian Bale
93%
Who founded the League of Assassins? Ra’s al Ghul
92%
Which Batman villain is obsessed with duality and chance? Two-Face
92%
Which actor played Batman in The Batman? Robert Pattinson
90%
What is Barbara Gordon’s hero name before becoming Oracle? Batgirl
88%
Who killed Jason Todd in Death in the Family? Joker
87%
Who was the first Robin? Richard Grayson
87%
What does Batman’s “no-kill rule” symbolise? Faith in Redemption
86%
What is Nightwing’s real name? Richard Grayson
80%
Who is Damian Wayne’s mother? Talia al Ghul
80%
Which actor voiced Batman in Batman: The Animated Series? Kevin Conroy
77%
No matching quizzes found
Score Distribution
Percent of People with Each Score
Percentile by Number Answered
Your Score History
You have not taken this quiz